21(इक्कीस) श्रेष्ठ नारीमन की कहानियां पंजाब / (Record no. 184655)

MARC details
000 -LEADER
fixed length control field 01533nam a22002417a 4500
005 - DATE AND TIME OF LATEST TRANSACTION
control field 20220810152413.0
010 ## - LCCN (DPL NO)
LC control number B-742527 B-745145 HIN-21-22
020 ## - INTERNATIONAL STANDARD BOOK NUMBER
International Standard Book Number 9789354868559
Terms of availability 250.00
035 ## - SYSTEM CONTROL NUMBER
System control number B-742527
035 ## - SYSTEM CONTROL NUMBER
System control number B-745145
037 ## - SOURCE OF ACQUISITION
Source of stock number/acquisition डायमंड बुक्स
Stock number
037 ## - SOURCE OF ACQUISITION
Source of stock number/acquisition उपहार
082 ## - DEWEY DECIMAL CLASSIFICATION NUMBER
Classification number
245 ## - TITLE STATEMENT
Title 21(इक्कीस) श्रेष्ठ नारीमन की कहानियां पंजाब /
Statement of responsibility, etc जसविन्दर कौर बिंद्रा द्वारा संपादित व अनुवादित
260 ## - PUBLICATION, DISTRIBUTION, ETC. (IMPRINT)
Name of publisher, distributor, etc डायमंड बुक्स
Place of publication, distribution, etc नई दिल्ली
Date of publication, distribution, etc 2022
270 ## - ADDRESS
Address X-30, ओखला इंडस्ट्रियल एरिया , फेज -II,
City नई दिल्ली
Postal code 110020
Telephone number 011-40712200
Electronic mail address ebooks@dpb.in
300 ## - PHYSICAL DESCRIPTION
Extent 254पृ.
Dimensions 22 सेमी(अजिल्द)
500 ## - GENERAL NOTE
General note भारत कथा माला
700 ## - ADDED ENTRY--PERSONAL NAME
Personal name बिंद्रा ,जसविन्दर कौर
942 ## - ADDED ENTRY ELEMENTS (KOHA)
Source of classification or shelving scheme Dewey Decimal Classification
Item type Hindi Books
Call number suffix इक्कीस
Classification part
Holdings
Withdrawn status Lost status Not for loan Collection code Home library Current library Date acquired Source of acquisition Cost, normal purchase price Full call number Barcode Copy number Cost, replacement price Koha item type Public note
      Fiction Central Library Central Library 10/08/2022 उपहार/28.7.2022 250.00 क इक्कीस B-745145 1 250.00 Hindi Books उपहार
      Fiction Sarojini Nagar Sarojini Nagar 04/07/2022 डायमंड बुक्स/3449/5.3.22/109/24.3.22/10.3.22 250.00 क इक्कीस B-742527 1 250.00 Hindi Books  

© Delhi Public Library
Hit Counter
free hit counter